00311nam a2200133Ia 45000030006000000080041000060400015000471000019000622450028000812500011001092600028001205460012001480050017001600STCL150530s9999 xx 000 0 und d aSTCLcSTCL aFinar,I.L.; Ed aOrganic Chemistry Vol-I aFourth bPearson Educationc2001 aEnglish20220125170319.0